000 00456nam a22001097a 4500
008 110608t xxu||||| |||| 00| 0 eng d
010 _aSCCAF.14
245 _aSupreme Court Civil Appeal No. 38/95 Sharif Osman Vs Haji Haruna Mulangwa
260 _c1995
500 _aCoram: Odoki, J.S.C. , Oder, J. S. C, and Tsekooko, J.S.C.
500 _aAppeal from the judgment of the High Court of Uganda at Kampala Mukanza, J.. datede 10 February, 1995 in Civil Suit 701/95
999 _c2478
_d2478